000 00360nam a2200133Ia 4500
008 240624s9999 xx 000 0 und d
041 _aeng
082 _a378.125 CHR
100 _aCHRISTENSEN C ROLAND
245 _aEDUCATION FOR JUDGEMENT THE ARTISTRY OF
260 _c1992
_aNew Delhi
_bHarvard Business School Press
300 _a320 : p.
365 _cRS
_b27
999 _c18260
_d18260